MARC details
| 000 -LÍDER |
| campo de controle de tamanho fixo |
01226nam a22002894a 4500 |
| 001 - NÚMERO DE CONTROLE |
| campo de controle |
509 |
| 003 - IDENTIFICADOR DO NÚMERO DE CONTROLE |
| campo de controle |
BR-RjBN |
| 005 - DATA E HORÁRIO DA ÚLTIMA TRANSAÇÃO |
| campo de controle |
20260520081508.0 |
| 008 - CAMPO DE DADOS FIXOS--INFORMAÇÃO GERAL |
| campo de controle de tamanho fixo |
180322s2018 rj 000 f por d |
| 020 ## - ISBN - INTERNATIONAL STANDARD BOOK NUMBER |
| ISBN - International Standard Book Number |
9788551003053 |
| 040 ## - FONTE DA CATALOGAÇÃO |
| Idioma da catalogação |
por |
| 041 1# - CÓDIGO DE IDIOMA |
| Código do idioma do texto/trilha sonora ou título diferente |
por |
| Código do idioma do original e/ou traduções intermediárias do texto |
eng |
| 082 ## - CDD - CLASSIFICAÇÃO DECIMAL DE DEWEY |
| Número de Classificação |
813 |
| Número do exemplar |
A333c |
| 100 ## - ENTRADA PRINCIPAL--NOME PESSOAL |
| Nome pessoal |
Albertalli, Becky. |
| 9 (RLIN) |
1092 |
| 240 10 - TÍTULO UNIFORME |
| Título uniforme |
Simon vs. the Homo Sapiens Agenda. |
| 245 10 - TÍTULO |
| Título |
Com amor, Simon |
| Restante do título |
/ |
| Indicação de responsabilidade, etc. |
Becky Albertalli. |
| 260 ## - PUBLICAÇÃO, DISTRIBUIÇÃO, ETC. |
| Local de publicação, distribuição, etc. |
Rio de Janeiro : |
| Nome do editor, distribuidor, etc. |
Intrínseca, |
| Data da publicação, distribuição, etc. |
2018. |
| 300 ## - DESCRIÇÃO FÍSICA |
| Extensão |
272 p. ; |
| 520 ## - NOTA DE RESUMO, ETC. |
| Resumo, etc. |
Encantadora história de amor que questiona os padrões sociais, a obra acompanha Simon Spier, um adolescente de dezesseis anos que é gay, mas ainda não revelou sua orientação sexual para a família e os amigos. Enquanto troca e-mails com um garoto misterioso conhecido como Blue, Simon precisa lidar com dúvidas, inseguranças e uma chantagem inesperada. Com leveza e humor, o romance aborda identidade, aceitação e amadurecimento na adolescência. |
| 650 #0 - ASSUNTO--TERMO TÓPICO |
| Cabeçalho tópico ou nome geográfico |
Literatura Americana |
| 9 (RLIN) |
84 |
| 650 #0 - ASSUNTO--TERMO TÓPICO |
| Cabeçalho tópico ou nome geográfico |
Adolescência. |
| 9 (RLIN) |
1093 |
| 650 #0 - ASSUNTO--TERMO TÓPICO |
| Cabeçalho tópico ou nome geográfico |
Homossexualidade. |
| 9 (RLIN) |
1097 |
| 650 #0 - ASSUNTO--TERMO TÓPICO |
| Cabeçalho tópico ou nome geográfico |
Relacionamentos amorosos. |
| 9 (RLIN) |
1098 |
| 655 #0 - TERMO DE ÍNDICE--GÊNERO E FORMA |
| Gênero/forma/ou termo foco |
Romance juvenil. |
| 655 #0 - TERMO DE ÍNDICE--GÊNERO E FORMA |
| Gênero/forma/ou termo foco |
Ficção. |
| 942 ## - ELEMENTOS DE ENTRADA ADICIONADOS (KOHA) |
| Fonte de classificação ou esquema de arquivamento |
Classificação decimal de Dewey |
| Ocultar no OPAC |
Não |
| Tipo de material Koha |
Livros |